Seleccion Argentina de Futbol Mexico 1986 - Estadísticas

Estadísticas generales
  • Esta prueba ha sido intentada 21 veces
  • La puntuación promedio es 15 de 23
Estadísticas de respuestas
Jugador % Correcto
Maradona
100%
Passarella
93%
Bilardo
87%
Burruchaga
87%
Ruggeri
87%
Brown
80%
Enrique
80%
Pumpido
80%
Valdano
80%
Cuciuffo
73%
Olarticoechea
73%
Batista
67%
Islas
67%
Bochini
60%
Tapia
60%
Borghi
53%
Giusti
47%
Pasculli
47%
Garre
40%
Almiron
27%
Clausen
27%
Trobbiani
27%
Zelada
27%
No se encontraron pruebas coincidentes
Distribución de puntuación
Porcentaje de gente con cada puntuación
Porcentaje por número respondido
Historial de tus puntuaciones
No has intentado esta prueba.